[Event "World Blitz 2018"]
[Site "St Petersburg RUS"]
[Date "2018.12.29"]
[Round "6.4"]
[White "Nakamura,Hi"]
[Black "Korobov,A"]
[Result "0-1"]
[WhiteElo "2746"]
[BlackElo "2698"]

1.Nf3 d5 2.b3 c5 3.Bb2 f6 4.g3 e5 5.Bg2 Nc6 6.O-O Be6 7.c4 d4 8.e3 Nge7 9.d3 Ng6
10.exd4 cxd4 11.Ba3 Bxa3 12.Nxa3 O-O 13.Nc2 Qd7 14.Nd2 Bh3 15.b4 Bxg2 16.Kxg2 f5
17.b5 Nd8 18.Qf3 Nf7 19.Nb4 e4 20.dxe4 Nfe5 21.Qb3 fxe4 22.c5+ Kh8 23.Qd5 Qxb5
24.Qxd4 Rad8 25.Qc3 Qe2 26.Nb3 Ng4 27.Qe1 Qf3+ 28.Kg1 Nf4  0-1

[Event "World Blitz 2018"]
[Site "St Petersburg RUS"]
[Date "2018.12.29"]
[Round "7.13"]
[White "Maghsoodloo,Parham"]
[Black "Nakamura,Hi"]
[Result "0-1"]
[WhiteElo "2688"]
[BlackElo "2746"]

1.Nf3 d5 2.g3 Nf6 3.Bg2 e6 4.O-O Be7 5.c4 O-O 6.d4 dxc4 7.Qc2 b5 8.a4 b4
9.Nfd2 c6 10.Nxc4 Qxd4 11.Rd1 Qc5 12.b3 Ba6 13.Nbd2 Nbd7 14.Bb2 Rad8 15.e3 Qh5
16.h3 Nd5 17.Rac1 Bf6 18.g4 Qg6 19.Ne4 Bxb2 20.Nxb2 c5 21.Nd3 Bxd3 22.Qxd3 Rc8
23.Nd6 Rc6 24.Nc4 Qh6 25.Bxd5 exd5 26.Qxd5 Nb6 27.Qg2 Qe6 28.a5 Nxc4 29.Rxc4 h5
30.Qd5 Qf6 31.Qxh5 Qb2 32.Rf4 Qxb3 33.Rd7 Rh6 34.Qf5 Rxh3 35.Kg2 Rh6 36.Qxc5 Qb1
37.Kf3 b3 38.Rb7 Qh1+  0-1

[Event "World Blitz 2018"]
[Site "St Petersburg RUS"]
[Date "2018.12.29"]
[Round "8.7"]
[White "Nakamura,Hi"]
[Black "Adly,A"]
[Result "0-1"]
[WhiteElo "2746"]
[BlackElo "2626"]

1.e4 c5 2.Nf3 Nf6 3.e5 Nd5 4.Nc3 Nxc3 5.dxc3 Nc6 6.Bc4 e6 7.Bf4 Qc7 8.Qd2 h6
9.h4 Rb8 10.a4 b6 11.Bd3 Bb7 12.Qe2 d5 13.b3 Rd8 14.Rd1 g6 15.O-O Be7 16.Rfe1 Kd7
17.Qe3 Bf8 18.Nh2 Kc8 19.Ng4 Be7 20.Bg3 d4 21.cxd4 Nxd4 22.f3 c4 23.Be4 Bc5
24.Kh2 Nxc2 25.Qc3 Nxe1 26.Rxe1 Bd4 27.Qxc4 Qxc4 28.bxc4 Bc5 29.h5 Bxe4 30.Rxe4 Rd4
31.Rxd4 Bxd4 32.Bf4 gxh5 33.Nf6 Kb7 34.Ne4 Bc5 35.Kh3 Be7 36.Nd6+ Kc6 37.Ne4 h4
38.Be3 Kd7 39.Kg4 Rg8+ 40.Kh3 Rc8 41.Nd2 Bb4 42.Ne4 Be7 43.Nd2 Bb4 44.Ne4 Rxc4
45.Kxh4 Be7+ 46.Kh5 Rxa4 47.Kxh6 Ra2 48.g4 Rh2+ 49.Kg7 Ke8 50.Bg5 Bf8+ 51.Kg8 Be7
52.f4 a5 53.Bf6 Rg2 54.g5 Rg4 55.Nd6+ Bxd6 56.exd6 a4 57.d7+ Kxd7 58.Kxf7 Rxf4
59.g6 a3 60.g7 Rxf6+  0-1

[Event "World Blitz 2018"]
[Site "St Petersburg RUS"]
[Date "2018.12.29"]
[Round "9.16"]
[White "Christiansen,Johan-Sebastian"]
[Black "Nakamura,Hi"]
[Result "0-1"]
[WhiteElo "2555"]
[BlackElo "2746"]

1.e4 d5 2.exd5 Qxd5 3.Nc3 Qd8 4.g3 g6 5.Bg2 Bg7 6.Nf3 Nc6 7.O-O e5 8.Re1 Nge7
9.d3 O-O 10.h3 h6 11.Rb1 Re8 12.b4 Nf5 13.b5 Ncd4 14.Nd2 a6 15.a4 axb5 16.axb5 Nd6
17.Nde4 Nxe4 18.Nxe4 Ra5 19.Nc3 b6 20.Bd2 Bd7 21.Qc1 Kh7 22.Ne4 Rxb5 23.Ra1 Bc6
24.Ra7 f5 25.Nc3 Bxg2 26.Kxg2 Rc5 27.Qb2 e4 28.dxe4 Nf3 29.Kxf3 Qxd2 30.Nb1 Qxe1  0-1

[Event "World Blitz 2018"]
[Site "St Petersburg RUS"]
[Date "2018.12.29"]
[Round "10.10"]
[White "Nakamura,Hi"]
[Black "Paravyan,D"]
[Result "1-0"]
[WhiteElo "2746"]
[BlackElo "2634"]

1.Nf3 Nf6 2.b3 d5 3.Bb2 c5 4.g3 Nc6 5.Bg2 g6 6.d4 cxd4 7.Nxd4 Bg7 8.Nxc6 bxc6
9.c4 O-O 10.O-O Bg4 11.Nc3 dxc4 12.bxc4 Rb8 13.Qxd8 Rfxd8 14.Ba3 Rd4 15.Bxe7 Rxc4
16.Rac1 Be6 17.Bd6 Rd8 18.Be5 Ng4 19.Bxg7 Kxg7 20.a3 Rd2 21.Rfe1 Rb2 22.h3 Nf6
23.e3 Rb3 24.Ne2 Rxa3 25.Nd4 Bd5 26.Rxc4 Bxc4 27.Rc1 Bd5 28.Nxc6 Bxg2 29.Kxg2 Ra2
30.Kf3 a5 31.Ne5 Ne8 32.Rc6 h5 33.Ra6 a4 34.g4 hxg4+ 35.hxg4 g5 36.Kg3 Nf6
37.Kf3 Ne8 38.Ra5 Nd6 39.Nd3 f6 40.Nc5 a3 41.Ra7+ Kg6 42.Ne6 Nc4 43.Nf8+  1-0

[Event "World Blitz 2018"]
[Site "St Petersburg RUS"]
[Date "2018.12.29"]
[Round "11.5"]
[White "Nakamura,Hi"]
[Black "Jobava,Ba"]
[Result "1/2-1/2"]
[WhiteElo "2746"]
[BlackElo "2627"]

1.Nf3 Nf6 2.b3 b6 3.Bb2 Bb7 4.g3 e6 5.Bg2 c5 6.c4 Be7 7.O-O O-O 8.d4 cxd4
9.Qxd4 Nc6 10.Qf4 Qb8 11.Nc3 Rd8 12.Rfd1 h6 13.Rac1 a6 14.Na4 Qa7 15.Qc7 b5
16.Bxf6 Rac8 17.Qb6 Bxf6 18.Qxa7 Nxa7 19.Nb6 Rc7 20.cxb5 Rxc1 21.Rxc1 Nxb5
22.Ne1 Nc3 23.Rc2 Bxg2 24.Kxg2 d5 25.Nd3 Rd6 26.Na4 Nxa4 27.bxa4 g5 28.a5 Bd8
29.Rc5 Kg7 30.Nb4 Kf6 31.f4 gxf4 32.gxf4 Ke7 33.Kf3 Kd7 34.Nd3 f6 35.e4 dxe4+
36.Kxe4 Be7 37.Rh5 Bf8 38.f5 e5 39.Nc5+ Ke8 40.Ne6 Rd2 41.Rh3 Rxa2 42.Rb3 Ra4+
43.Kd5 Rxa5+ 44.Kc6 Be7 45.Rg3 Ra2 46.Rg8+ Kf7 47.Rg7+  1/2-1/2

[Event "World Blitz 2018"]
[Site "St Petersburg RUS"]
[Date "2018.12.29"]
[Round "12.8"]
[White "Tsydypov,Z"]
[Black "Nakamura,Hi"]
[Result "1/2-1/2"]
[WhiteElo "2529"]
[BlackElo "2746"]

1.e4 d5 2.exd5 Qxd5 3.Nf3 Bg4 4.Be2 Nc6 5.Nc3 Qd7 6.d4 e6 7.h3 Bh5 8.Ne5 Nxe5
9.Bxh5 Ng6 10.a3 Nf6 11.Bf3 c6 12.O-O Bd6 13.Ne4 Nxe4 14.Bxe4 O-O 15.Qe2 Bc7
16.Bxg6 hxg6 17.Rd1 b5 18.a4 a5 19.axb5 cxb5 20.Qf3 Qd5 21.Qxd5 exd5 22.Bd2 Rfc8
23.Kf1 b4 24.c3 bxc3 25.Bxc3 a4 26.Ra2 Bd6 27.Ke2 a3 28.Kd3 Rab8 29.Kc2 axb2
30.Rxb2 Ra8 31.Rdb1 g5 32.Kd3 Kh7 33.Bd2 f6 34.Rb5 Ra2 35.R1b2 Ra3+ 36.R2b3 Ra2
37.Rb2 Ra3+ 38.R2b3 Ra2 39.Rb2 Ra3+ 40.R2b3  1/2-1/2

[Event "World Blitz 2018"]
[Site "St Petersburg RUS"]
[Date "2018.12.30"]
[Round "13.7"]
[White "Nakamura,Hi"]
[Black "Amin,B"]
[Result "1-0"]
[WhiteElo "2746"]
[BlackElo "2710"]

1.d4 Nf6 2.c4 g6 3.Nc3 Bg7 4.e4 d6 5.h3 O-O 6.Be3 Nbd7 7.Nf3 e5 8.d5 Nh5
9.Nd2 a5 10.g3 Nc5 11.Be2 Nf6 12.g4 c6 13.h4 cxd5 14.cxd5 Bd7 15.h5 a4 16.f3 b5
17.h6 Bh8 18.Nxb5 Bxb5 19.Bxb5 Qb6 20.Qe2 Rab8 21.Bc6 Qxb2 22.O-O Qc3 23.Rfc1 Qd3
24.Kf1 Rb2 25.Bxc5 Rxd2 26.Qxd3 Rxd3 27.Ke2  1-0

[Event "World Blitz 2018"]
[Site "St Petersburg RUS"]
[Date "2018.12.30"]
[Round "14.4"]
[White "Giri,A"]
[Black "Nakamura,Hi"]
[Result "1/2-1/2"]
[WhiteElo "2783"]
[BlackElo "2746"]

1.e4 d5 2.exd5 Qxd5 3.Nc3 Qd8 4.d4 Nf6 5.Nf3 g6 6.Be2 Bg7 7.O-O O-O 8.h3 Nc6
9.Be3 b6 10.Qd2 Bb7 11.Rad1 e6 12.Bh6 Ne7 13.Bxg7 Kxg7 14.Ne5 a6 15.Bf3 Bxf3
16.Nxf3 Qd6 17.Rfe1 Ned5 18.Nxd5 exd5 19.Qd3 a5 20.Re2 Rae8 21.Rde1 Re4 22.Nd2 Rxe2
23.Rxe2 Re8  1/2-1/2

[Event "World Blitz 2018"]
[Site "St Petersburg RUS"]
[Date "2018.12.30"]
[Round "15.3"]
[White "Nakamura,Hi"]
[Black "Artemiev,V"]
[Result "1-0"]
[WhiteElo "2746"]
[BlackElo "2709"]

1.c4 e5 2.Nc3 Bb4 3.Nd5 Bc5 4.Nf3 c6 5.Nc3 d6 6.e3 Bb4 7.Qc2 Nf6 8.d3 O-O
9.a3 Ba5 10.Be2 Re8 11.b4 Bc7 12.Bb2 Nbd7 13.O-O Nf8 14.Rac1 Ng6 15.b5 Bf5
16.Qa4 Qd7 17.Rfd1 a6 18.bxc6 bxc6 19.Na2 a5 20.d4 e4 21.Ne5 dxe5 22.dxe5 Qe6
23.exf6 Nh4 24.Rd2 Bh3 25.g3 Qf5 26.Qd1 Bg2 27.Bg4 Qc5 28.gxh4 Bf3 29.Bxf3 exf3
30.Qxf3  1-0

[Event "World Blitz 2018"]
[Site "St Petersburg RUS"]
[Date "2018.12.30"]
[Round "16.4"]
[White "Andreikin,D"]
[Black "Nakamura,Hi"]
[Result "0-1"]
[WhiteElo "2719"]
[BlackElo "2746"]

1.d4 Nf6 2.Bg5 c5 3.d5 Qb6 4.Nc3 d6 5.e4 g6 6.Rb1 Bg7 7.Bb5+ Bd7 8.Bxd7+ Nbxd7
9.Nge2 Qa5 10.O-O b5 11.a3 b4 12.axb4 cxb4 13.Ra1 Qc7 14.Nb5 Qb7 15.c4 Nxe4
16.Bh4 Ndc5 17.f3 Nf6 18.Nbd4 O-O 19.Nc6 e6 20.Nf4 Rfe8 21.Kh1 b3 22.Ra3 exd5
23.cxd5 Nfd7 24.Qd2 Ne5 25.Na5 Qb5 26.Rfa1 Rac8 27.h3 Bh6 28.Qd4 Bg7 29.Qd2 Nc4
30.Nxc4 Qxc4 31.Bg3 Qc2 32.Rd1 Bxb2 33.Rxa7 Be5 34.Kh2 Qxd2 35.Rxd2 b2 36.Rd1 Ra8
37.Rxa8 Rxa8 38.Ne2 Bxg3+ 39.Kxg3 Ra1  0-1

[Event "World Blitz 2018"]
[Site "St Petersburg RUS"]
[Date "2018.12.30"]
[Round "17.1"]
[White "Carlsen,M"]
[Black "Nakamura,Hi"]
[Result "1/2-1/2"]
[WhiteElo "2835"]
[BlackElo "2746"]

1.c4 Nf6 2.Nc3 e6 3.Nf3 d5 4.d4 Be7 5.Bf4 O-O 6.e3 b6 7.Bd3 dxc4 8.Bxc4 Ba6
9.Bxa6 Nxa6 10.Qe2 Qc8 11.O-O c5 12.Nb5 Qb7 13.a3 Ne4 14.Rac1 Rac8 15.Ne5 Nd6
16.Nxd6 Bxd6 17.Qg4 cxd4 18.Rxc8 Rxc8 19.Nxf7 Bxf4 20.Qxe6 Nc5 21.Nh6+ Kh8
22.Nf7+ Kg8 23.Nh6+ Kh8  1/2-1/2

[Event "World Blitz 2018"]
[Site "St Petersburg RUS"]
[Date "2018.12.30"]
[Round "18.2"]
[White "Nakamura,Hi"]
[Black "Duda,J"]
[Result "1-0"]
[WhiteElo "2746"]
[BlackElo "2738"]

1.Nf3 Nf6 2.b3 b6 3.Bb2 Bb7 4.g3 g6 5.Bg2 Bg7 6.d4 O-O 7.c4 c5 8.dxc5 bxc5
9.O-O d6 10.Qc2 Nbd7 11.Nc3 Rb8 12.Rab1 a6 13.Rfd1 Qc7 14.Rd2 Rfe8 15.e4 Rbd8
16.Nd5 Nxd5 17.exd5 Nf6 18.Rbd1 Bc8 19.Bc3 Ne4 20.Qxe4 Bxc3 21.Re2 Bf5 22.Qf4 e5
23.dxe6 Rxe6 24.Rxe6 Bxe6 25.Ng5 Bd4 26.Qh4 h5 27.Nxe6 fxe6 28.Qg5 Kf7 29.Be4 Rg8
30.Rd3 Qe7 31.Rf3+ Ke8 32.Bxg6+ Kd8 33.Qxe7+ Kxe7 34.Rf7+ Kd8 35.Bxh5 Rg5
36.Be2 Rf5 37.Rxf5 exf5 38.Kg2 Ke7 39.f4 a5 40.Bd3 Kf6 41.h3 Be3 42.Kf3 Bc1
43.g4 fxg4+ 44.hxg4 Bd2 45.g5+ Ke6 46.Be4 Bc1 47.Kg4 Bd2 48.Bd5+ Ke7 49.f5 Bc3
50.f6+ Kf8 51.Kf5  1-0

[Event "World Blitz 2018"]
[Site "St Petersburg RUS"]
[Date "2018.12.30"]
[Round "19.3"]
[White "Nakamura,Hi"]
[Black "Aronian,L"]
[Result "1/2-1/2"]
[WhiteElo "2746"]
[BlackElo "2765"]

1.e4 e5 2.Nf3 Nc6 3.Bb5 Nf6 4.O-O Nxe4 5.Re1 Nd6 6.Nxe5 Be7 7.Bf1 Nxe5 8.Rxe5 O-O
9.d4 Ne8 10.d5 Bc5 11.Re1 d6 12.Nc3 f5 13.Na4 Bxf2+ 14.Kxf2 Qh4+ 15.Kg1 Qxa4
16.Re7 Qh4 17.Qe2 Nf6 18.Rxc7 Nxd5 19.Qc4 Qxc4 20.Bxc4 Be6 21.Rxb7 Rac8 22.b3 Rf7
23.Rxf7 Kxf7 24.Bxd5 Bxd5 25.c4 Be4 26.Be3 a6 27.Rd1 Ke6 28.h4 d5 29.c5 f4
30.Bd4 g5 31.hxg5 Rg8 32.Rf1 Rxg5 33.Rxf4 Rxg2+ 34.Kf1 Rxa2 35.Rf6+ Ke7 36.Rb6 Bd3+
37.Ke1 h5 38.Rh6 Re2+ 39.Kd1 Re6 40.Rh8 Kd7 41.Kd2 Bg6 42.Kc3 Kc7 43.Rh6 Kb7
44.Kb4 Kc6 45.Ka5  1/2-1/2

[Event "World Blitz 2018"]
[Site "St Petersburg RUS"]
[Date "2018.12.30"]
[Round "20.3"]
[White "Svidler,P"]
[Black "Nakamura,Hi"]
[Result "1/2-1/2"]
[WhiteElo "2737"]
[BlackElo "2746"]

1.e4 e5 2.Nf3 Nc6 3.Bb5 Nf6 4.d3 Bc5 5.Ba4 O-O 6.O-O d5 7.exd5 Qxd5 8.Nc3 Qd6
9.Bxc6 bxc6 10.h3 Bb6 11.Re1 Re8 12.Be3 Bf5 13.Nd2 Nd7 14.Qf3 Bg6 15.Nc4 Qe6
16.a4 a5 17.b3 f6 18.Rad1 Rab8 19.Ne4 Nf8 20.Nc5 Qd5 21.Ne4 Ne6 22.Qg3 Kh8
23.Nc3 Qd7 24.Ne4 Qd5 25.Nc3 Qd7 26.Ne4 Nd4 27.Bxd4 Qxd4 28.Qf3 Qd7 29.Ng3 Bf7
30.Nxb6 cxb6 31.Qe3 Qc7 32.Ne4 Bg6 33.Nd2 Bf7 34.Nc4 b5 35.Nb2 Rbd8 36.Ra1 h6
37.Qc5 Rd5 38.Qc3 Qb6 39.axb5 Rc5 40.Qxa5 Qxa5 41.Rxa5 Rxc2 42.Nc4 cxb5 43.Nd6 Rf8
44.Rxb5 Rc3 45.Nxf7+ Rxf7 46.d4 exd4 47.Rd5 Rxb3  1/2-1/2

[Event "World Blitz 2018"]
[Site "St Petersburg RUS"]
[Date "2018.12.30"]
[Round "21.3"]
[White "Nakamura,Hi"]
[Black "Nepomniachtchi,I"]
[Result "1/2-1/2"]
[WhiteElo "2746"]
[BlackElo "2763"]

1.Nf3 d5 2.b3 Nf6 3.Bb2 e6 4.g3 b6 5.Bg2 Bb7 6.O-O Be7 7.c4 O-O 8.cxd5 Nxd5
9.d4 Nd7 10.a3 c5 11.Nbd2 Rc8 12.Re1 cxd4 13.Nxd4 Nc3 14.Bxc3 Bxg2 15.Kxg2 Rxc3
16.Ne4 Rc8 17.a4 Nc5 18.Nxc5 Bxc5 19.Nf3 Qe7 20.Qd3 Rfd8 21.Qa6 h6  1/2-1/2

[Event "PRO League Group Stage"]
[Site "chess.com INT"]
[Date "2019.01.08"]
[Round "1"]
[White "Nakamura,Hi"]
[Black "Dreev,A"]
[Result "1/2-1/2"]
[WhiteElo "2749"]
[BlackElo "2670"]

1.Nf3 d5 2.e3 Nf6 3.c4 c6 4.d4 Bf5 5.Nc3 a6 6.Bd3 Bxd3 7.Qxd3 e6 8.O-O Bb4
9.Bd2 O-O 10.Nxd5 Nxd5 11.cxd5 Bxd2 12.Nxd2 exd5 13.f3 Nd7 14.e4 dxe4 15.fxe4 Nc5
16.Qc3 Ne6 17.Nb3 Qb6 18.Rad1 Rad8 19.Kh1 Rfe8 20.a4 Rd7 21.a5 Qd8 22.h3 h6
23.Rfe1 Qg5 24.Rd3 Red8 25.d5 cxd5 26.Rg3 Rc7 27.Rxg5 Rxc3 28.Rxg7+ Kxg7
29.bxc3 dxe4 30.Rxe4 Rc8 31.Rb4 Rc7 32.Nd4 Kf6 33.Nxe6 fxe6 34.Rh4 Kg5 35.Rg4+ Kf5
36.Rh4 Kg5 37.Rg4+ Kf5 38.Rh4  1/2-1/2

[Event "PRO League Group Stage"]
[Site "chess.com INT"]
[Date "2019.01.08"]
[Round "1"]
[White "Nakamura,Hi"]
[Black "Hilby,Craig"]
[Result "1-0"]
[WhiteElo "2749"]
[BlackElo "2445"]

1.Nf3 Nf6 2.b3 g6 3.Bb2 Bg7 4.d4 O-O 5.e3 b6 6.Be2 Bb7 7.O-O d6 8.c4 Ne4
9.Qc2 Nd7 10.Rd1 c5 11.Nc3 Nxc3 12.Bxc3 Qc7 13.Qb2 e5 14.dxe5 dxe5 15.Rd2 Rfe8
16.Rad1 Nf8 17.Ne1 Rad8 18.Bf3 Rxd2 19.Rxd2 Bxf3 20.Nxf3 f6 21.Rd5 Rd8 22.Qd2 Ne6
23.Qd3 Kf7 24.g4 Ke7 25.h4 Rxd5 26.cxd5 Qd7 27.Nh2 Nc7 28.e4 b5 29.Bd2 Ne8
30.Be3 Kd6 31.Qc3 Qc7 32.f4 b4 33.Qc4 Qa5 34.Nf3 a6 35.Nd2 Qb5 36.Qc2 exf4
37.Bxf4+ Kd7 38.Nc4 Kd8 39.Qf2 Qd7 40.Qf3 Nc7 41.g5 f5 42.Bxc7+ Qxc7 43.exf5 gxf5
44.d6 Qd7 45.Kf1 Ke8 46.Qd5 f4 47.Qe4+ Kd8 48.Qa8+ Qc8 49.Qxc8+ Kxc8 50.Ke2 Kd7
51.Kf3 Bf8 52.h5 Ke6 53.Kxf4 a5 54.h6 a4 55.Ke4 axb3 56.axb3 Kf7 57.Kf5  1-0

[Event "PRO League Group Stage"]
[Site "chess.com INT"]
[Date "2019.01.08"]
[Round "1"]
[White "Kiewra,K"]
[Black "Nakamura,Hi"]
[Result "0-1"]
[WhiteElo "2362"]
[BlackElo "2749"]

1.Nf3 d5 2.e3 c5 3.b3 a6 4.Bb2 Nf6 5.c4 dxc4 6.Bxc4 b5 7.Be2 Bb7 8.O-O e6
9.d4 Nbd7 10.Nc3 Be7 11.dxc5 Bxc5 12.Bd3 O-O 13.Qe2 Rc8 14.Rac1 Qb6 15.Rfd1 Rfd8
16.a3 Qa7 17.b4 Be7 18.e4 Qb8 19.e5 Bxf3 20.Qxf3 Nxe5 21.Qe2 Nxd3 22.Rxd3 Rxd3
23.Qxd3 Ng4 24.Qg3 Qxg3 25.hxg3 Ne5 26.Ne2 Nc4 27.Rc2 Rd8 28.Bc1 h5 29.f3 Rd3
30.Rc3 Rd1+ 31.Kf2 Bf6 32.Rc2 g5 33.a4 Rd3 34.axb5 axb5 35.Ng1 Be7 36.Ke2 Rd5
37.Nh3 f6 38.Nf2 Bxb4 39.Ra2 Re5+ 40.Kd3 Re1 41.Bb2 Re3+ 42.Kd4 Re2 43.Nd3 Bf8  0-1

[Event "PRO League Group Stage"]
[Site "chess.com INT"]
[Date "2019.01.08"]
[Round "1"]
[White "Brown,Michael William"]
[Black "Nakamura,Hi"]
[Result "0-1"]
[WhiteElo "2524"]
[BlackElo "2749"]

1.d4 e6 2.c4 b6 3.a3 Bb7 4.Nc3 Nf6 5.d5 Bd6 6.Nf3 O-O 7.e4 Re8 8.Be2 exd5
9.exd5 a5 10.O-O h6 11.Nb5 Bf8 12.Bf4 d6 13.h3 Nbd7 14.Bd3 Ne5 15.Re1 Nfd7
16.Nfd4 Nc5 17.Bf1 a4 18.Qd2 Qd7 19.Rad1 Re7 20.Bg3 Rae8 21.Nc3 Ba6 22.Bxe5 Rxe5
23.Nc6 Rxe1 24.Rxe1 Rxe1 25.Qxe1 Bb7 26.Nb4 g6 27.Nd3 Nb3 28.Ne4 Bg7 29.Qb4 Ba6
30.Nc3 Nd2 31.Nxa4 Nxf1 32.Kxf1 Qf5 33.Ne1 Qxd5 34.b3 Qd4 35.Nf3 Qd1+ 36.Ne1 Qc1
37.Ke2 d5 38.Qd2 Bxc4+ 39.bxc4 Qxc4+ 40.Qd3 Qxa4 41.Qxd5 Bf8 42.Qd8 Qc4+
43.Nd3 Kg7 44.a4 Qe4+ 45.Kd2 Bd6 46.Qd7 Qxg2 47.Ke3 Qd5 48.Qe8 Qf5  0-1

[Event "PRO League Group Stage"]
[Site "chess.com INT"]
[Date "2019.01.16"]
[Round "2"]
[White "Zhu,Jiner"]
[Black "Nakamura,Hi"]
[Result "0-1"]
[WhiteElo "2424"]
[BlackElo "2749"]

1.e4 Nf6 2.e5 Nd5 3.c4 Nb6 4.d4 d6 5.exd6 cxd6 6.Nf3 g6 7.Nc3 Bg7 8.Be3 Bg4
9.b3 Nc6 10.Be2 d5 11.c5 Nc8 12.O-O O-O 13.a3 e6 14.b4 a6 15.Qd2 N8e7 16.Rfd1 Bxf3
17.Bxf3 Nf5 18.Ne2 Re8 19.g3 Nxe3 20.fxe3 Qg5 21.Bg2 Rad8 22.Rf1 e5 23.dxe5 Nxe5
24.Bxd5 Nf3+ 25.Rxf3 Rxd5 26.Qa2 Bxa1 27.Qxa1 Rxe3 28.Qf1 Rde5 29.h4 Qe7
30.Rxe3 Rxe3 31.Kf2 Rxa3 32.Qc1 Ra2 33.Qc4 Rb2 34.Kf3 Qf6+ 35.Nf4 h6 36.Qe4 g5
37.hxg5 hxg5 38.Qe8+ Kg7  0-1

[Event "PRO League Group Stage"]
[Site "chess.com INT"]
[Date "2019.01.16"]
[Round "2"]
[White "Holt,C"]
[Black "Nakamura,Hi"]
[Result "0-1"]
[WhiteElo "2548"]
[BlackElo "2749"]

1.d4 e6 2.c4 b6 3.e4 Bb7 4.Bd3 Nc6 5.Nf3 Nb4 6.O-O Nxd3 7.Qxd3 d6 8.Nc3 Nf6
9.d5 Ba6 10.Qc2 Bb7 11.Qa4+ Qd7 12.Nb5 c6 13.dxc6 Bxc6 14.Nfd4 Nxe4 15.Nxd6+ Nxd6
16.Qxc6 Qxc6 17.Nxc6 Nxc4 18.Rd1 f6 19.b3 Nd6 20.Ba3 Nf5 21.Bb2 a5 22.g4 Nh4
23.Nd4 Kf7 24.Nb5 Bc5 25.Rd7+ Kg6 26.Rad1 h5 27.g5 e5 28.Nc7 Rac8 29.Ne6 Rhg8
30.R1d3 e4 31.R3d5 Nf3+ 32.Kg2 fxg5 33.Bxg7 Ba3 34.Ba1 Rc1 35.Rd1 Rxd1 36.Rxd1 Rc8
37.h3 Rc2 38.Nd4 Rxa2 39.Nxf3 exf3+ 40.Kxf3 Be7 41.Bd4 Ra3 42.Bxb6 Rxb3+
43.Be3 a4 44.Rd7 Bf6 45.Ra7 a3 46.Ra6 Kf7 47.Ke4 Be7 48.Bd4 Rxh3 49.Ra7 Rh1
50.Bc5 Re1+ 51.Kf3 a2 52.Bxe7 g4+  0-1

[Event "PRO League Group Stage"]
[Site "chess.com INT"]
[Date "2019.01.16"]
[Round "2"]
[White "Nakamura,Hi"]
[Black "Preotu,Razvan"]
[Result "1-0"]
[WhiteElo "2749"]
[BlackElo "2524"]

1.Nf3 Nf6 2.b3 g6 3.Bb2 Bg7 4.e3 O-O 5.d4 d5 6.c4 c5 7.dxc5 Qa5+ 8.Nbd2 Qxc5
9.Rc1 Nc6 10.a3 Qd6 11.b4 dxc4 12.Bxc4 Ng4 13.Bxg7 Kxg7 14.O-O Rd8 15.Qb3 Nge5
16.Rfd1 Nxc4 17.Nxc4 Qf6 18.b5 Rxd1+ 19.Qxd1 Nb8 20.Nd6 Bd7 21.Nxb7 a6 22.Nc5 Bxb5
23.a4 Bc6 24.Nd4 e5 25.Ndb3 Qe7 26.Na5 Be8 27.Qd5 Ra7 28.Nc4 Rc7 29.Nxe5 Bxa4
30.Qd4 f6 31.Ne6+  1-0

[Event "PRO League Group Stage"]
[Site "chess.com INT"]
[Date "2019.01.16"]
[Round "2"]
[White "Nakamura,Hi"]
[Black "Xiong,Jeffery"]
[Result "1/2-1/2"]
[WhiteElo "2749"]
[BlackElo "2672"]

1.e4 e5 2.Nf3 Nc6 3.Bb5 Nf6 4.O-O Nxe4 5.Re1 Nd6 6.Nxe5 Be7 7.Bf1 Nf5 8.Nf3 d5
9.d4 O-O 10.Bd3 Ncxd4 11.Nxd4 Nxd4 12.Bxh7+ Kxh7 13.Qxd4 Bf6 14.Qd3+ g6 15.Nc3 c6
16.Bf4 Bf5 17.Qd2 Qb6 18.Bg5 Bg7 19.Na4 Qb5 20.b3 Rfe8 21.Rad1 d4 22.h4 Qd5
23.Nb2 b5 24.Nd3 c5 25.Nf4 Qc6 26.h5 c4 27.hxg6+ fxg6 28.f3 d3 29.cxd3 Bd4+
30.Kh2 c3 31.Qc2 Kg7 32.b4 Rh8+ 33.Kg3 Bf6 34.Bxf6+ Qxf6 35.Kf2 Qd4+ 36.Re3 Rae8
37.Qc1 g5 38.Ne2 Qxe3+ 39.Qxe3 Rxe3 40.Kxe3 Re8+ 41.Kf2 c2 42.Re1 Bxd3 43.Nc1 Rd8
44.Nxd3 Rxd3 45.Ke2  1/2-1/2

[Event "Gibraltar Masters 2019"]
[Site "Caleta ENG"]
[Date "2019.01.23"]
[Round "2.52"]
[White "Nakamura,Hi"]
[Black "Merario Alarcon,Andres"]
[Result "1/2-1/2"]
[WhiteElo "2749"]
[BlackElo "2405"]

1.Nf3 d5 2.b3 Nf6 3.Bb2 e6 4.g3 Be7 5.Bg2 O-O 6.c4 c5 7.cxd5 Nxd5 8.O-O Nc6
9.d4 cxd4 10.Nxd4 Bd7 11.Na3 Nxd4 12.Qxd4 Bf6 13.Qd2 Bc6 14.Nc4 Ne7 15.Bxf6 Qxd2
16.Nxd2 gxf6 17.Rfc1 Rfd8 18.Bxc6 Nxc6 19.Ne4 Kg7 20.Nc5 Nd4 21.Kf1 b6 22.Na6 Rd7
23.Rc4 f5 24.Rac1 Rad8 25.Nc7 e5 26.R1c3 Ne6 27.Nxe6+ fxe6 28.f3 Kf6 29.Rh4 Kg6
30.Re3 Rd5 31.g4 Rc8 32.gxf5+ exf5 33.f4 exf4 34.Reh3 Kf6 35.Rxh7 Rc2 36.R3h6+ Kg5
37.Re6 f3 38.Rg7+ Kh5 39.Rxa7 Rdd2 40.Rh7+ Kg5 41.Rg7+ Kh5 42.Rh7+ Kg5 43.Rg7+  1/2-1/2

[Event "PRO League Group Stage"]
[Site "chess.com INT"]
[Date "2019.01.23"]
[Round "3"]
[White "Nakamura,Hi"]
[Black "Hong,Andrew"]
[Result "1-0"]
[WhiteElo "2749"]
[BlackElo "2390"]

1.Nf3 d5 2.b3 c5 3.e3 Nc6 4.Bb2 Nf6 5.d4 g6 6.dxc5 Bg7 7.a3 O-O 8.b4 a5 9.c3 Ne4
10.Qc1 b6 11.b5 Na7 12.c6 a4 13.c4 Bg4 14.Bxg7 Kxg7 15.Nbd2 Nc5 16.Be2 dxc4
17.Qxc4 Bf5 18.Qc3+ Kg8 19.Nd4 Qd5 20.O-O Rac8 21.Nc4 Qd8 22.Rad1 Qc7 23.Nxf5 gxf5
24.Ne5 Rfd8 25.Bc4 e6 26.Nf3 Qe7 27.Qb4 Rd6 28.Rd4 Rcd8 29.Rfd1 e5 30.Rxd6 Rxd6
31.Rxd6 Qxd6 32.g3 Kg7 33.Qb2 f6 34.Nh4 Qd1+ 35.Kg2 Qg4 36.Qc2 Qe4+ 37.Qxe4 fxe4
38.Nf5+ Kf8 39.g4 Ke8 40.h4 Kd8 41.h5 Ke8 42.h6 Kf8 43.c7 Nc8 44.Kf1 Ke8
45.Bg8 Kf8 46.Bxh7 Kf7 47.Ng3 Ne6 48.Bf5 Nxc7 49.Bxc8 Nxb5 50.Bd7 Nc3 51.Bf5 b5
52.Nh5 Kg8 53.Nxf6+ Kf7 54.g5 b4 55.h7 b3 56.h8=Q b2 57.Qe8+  1-0

[Event "PRO League Group Stage"]
[Site "chess.com INT"]
[Date "2019.01.23"]
[Round "3"]
[White "Nakamura,Hi"]
[Black "Naroditsky,D"]
[Result "1-0"]
[WhiteElo "2749"]
[BlackElo "2616"]

1.e4 g6 2.d4 Bg7 3.Nc3 d6 4.h4 Nf6 5.Be2 h5 6.Nh3 Nc6 7.Ng5 e5 8.dxe5 Nxe5
9.f3 a6 10.Bf4 Qe7 11.Qd2 b5 12.O-O O-O 13.a4 b4 14.Nd1 d5 15.exd5 Rd8 16.Ne3 Nxd5
17.Nxd5 Qc5+ 18.Be3 Rxd5 19.Bxc5 Rxd2 20.Rad1 Rxd1 21.Rxd1 Bf5 22.Bxb4 Bxc2
23.Rc1 Bd3 24.Bd1 Nc4 25.Bc3 Bf8 26.Bb3 Rb8 27.Bxc4 Bxc4 28.Ne4 Be7 29.Nf6+ Bxf6
30.Bxf6 Rb4 31.Rd1 Rb8 32.Rd7 Rc8 33.b4 Bb3 34.a5 Ba4 35.Rd5 Bb5 36.Kf2 Re8
37.g4 hxg4 38.fxg4 Re6 39.g5 Re2+ 40.Kg3 Rg2+ 41.Kf4 Rf2+ 42.Kg3 Rg2+ 43.Kh3 Re2
44.Rd8+ Re8 45.Rd4 Bc6 46.Rc4 Re3+ 47.Kh2 Re6 48.Kg3 Kf8 49.Kf4 Ke8 50.Be5 Kd7
51.Rc1 Kc8 52.Rd1 Re7 53.Rc1 Re6 54.Rc2 Kd7 55.Rd2+ Kc8 56.Rh2 Bd5 57.Rd2 c6
58.Rh2 Kd7 59.h5 gxh5 60.Rxh5 Re8 61.Rh6 Be6 62.Rh7 Rg8 63.Rh2 Bd5 64.Rh7 Be6
65.Rh6 Bd5 66.Rd6+ Ke7 67.Rh6 Be6 68.Bd4 Kd7 69.Bc5 Bd5 70.b5 axb5 71.a6 b4
72.Bxb4 Ra8 73.g6 fxg6 74.Rh7+ Ke6 75.a7 Kf6 76.Be7+ Ke6 77.Bc5 Kf6 78.Rb7 g5+
79.Kg3 Be6 80.Rb8  1-0

[Event "PRO League Group Stage"]
[Site "chess.com INT"]
[Date "2019.01.23"]
[Round "3"]
[White "Wang Hao"]
[Black "Nakamura,Hi"]
[Result "0-1"]
[WhiteElo "2714"]
[BlackElo "2749"]

1.e4 e5 2.Nf3 Nc6 3.Bb5 Nf6 4.Nc3 Nd4 5.Bc4 c6 6.Nxe5 d5 7.exd5 cxd5 8.Bb5+ Nxb5
9.Nxb5 a6 10.Nd4 Bd6 11.Ndf3 d4 12.O-O O-O 13.d3 Re8 14.Nc4 Bc7 15.Bg5 b5
16.Ncd2 Bb7 17.Ne4 Bxe4 18.dxe4 h6 19.Bxf6 Qxf6 20.Re1 d3 21.cxd3 Qxb2 22.Rc1 Rac8
23.Qb3 Qxb3 24.axb3 Bf4 25.Ra1 Rc3 26.d4 Rxb3 27.Rxa6 Rb8 28.e5 b4 29.Rea1 Kh7
30.Ra7 Rc3 31.g3 b3 32.Kg2 Rc1 33.Rxc1 Bxc1 34.Ra1 b2 35.Rb1 Ra8 36.d5 Ra1
37.Nd2 Bxd2 38.Rxb2 Bc3 39.Rb7 Bxe5 40.Rxf7 Rd1 41.Rf5 Rxd5 42.h4 Rc5 43.Rf3 Bf6
44.Rf4 Ra5 45.Rf3 Kg6 46.Rf4 Rf5 47.Re4 Ra5 48.Rf4 Ra2 49.Re4 Rd2 50.Rf4 Kf7
51.Rf3 Ke6 52.Re3+ Be5 53.Kf3 Kf5 54.Kg2 g5 55.hxg5 hxg5 56.Rf3+ Ke4 57.Rf8 Bd4
58.Rf7 Ra2 59.Rf8 Bc5 60.Rf7 Rc2 61.Rf6 Ke5 62.Rf7 g4  0-1

[Event "PRO League Group Stage"]
[Site "chess.com INT"]
[Date "2019.01.23"]
[Round "3"]
[White "Jirasek,Ladia"]
[Black "Nakamura,Hi"]
[Result "0-1"]
[WhiteElo "2376"]
[BlackElo "2749"]

1.e4 c6 2.d4 d5 3.exd5 cxd5 4.c4 Nf6 5.Nc3 g6 6.cxd5 Bg7 7.Bb5+ Nbd7 8.d6 exd6
9.Qe2+ Qe7 10.Bf4 Qxe2+ 11.Bxe2 O-O 12.Bxd6 Rd8 13.Nf3 Nb6 14.Be5 Be6 15.O-O Nfd5
16.Nxd5 Bxd5 17.Bxg7 Kxg7 18.b3 Be4 19.Rac1 Nd5 20.g3 Nb4 21.Rc7 Rac8 22.Rfc1 Rxc7
23.Rxc7 Nd5 24.Rc1 Nb4 25.Rc7 Nd5 26.Rc1 h6 27.Nd2 Bf5 28.Nf3 Be6 29.Bc4 Kf6
30.Ne5 Ne7 31.Bxe6 Kxe6 32.Nf3 Nc6 33.Rd1 Nb4 34.Rd2 f6 35.Kg2 g5 36.h4 Rc8
37.hxg5 hxg5 38.Re2+ Kf7 39.a3 Nd5 40.Rb2 Rc3 41.Ne1 b5 42.Kf1 Ke6 43.Ke2 Kf5
44.Nc2 Ke4 45.a4 b4 46.Ne1 g4 47.Ng2 Kxd4 48.Nh4 Ke4 49.Ng6 f5 50.Nf8 f4
51.Ne6 fxg3 52.fxg3 Rxg3 53.Kf2 Rf3+ 54.Kg1 Rc3 55.Kf2 g3+ 56.Kg2 Ne3+ 57.Kh3 g2
58.Kh2 Rc1 59.Ng5+ Kd3 60.Nh3 Rh1+ 61.Kg3 Rxh3+  0-1